Solution Equilibrium Studies on Salicylidene Aminoguanidine Schiff Base Metal Complexes Impact of the Hybridization with L-Proline on Stability, Redox Activity and Cytotoxicity /

Elmentve itt :
Bibliográfiai részletek
Szerzők: Dömötör Orsolya
May Nóra Veronika
Gál Gyula Tamás
Spengler Gabriella
Dobrova Aliona
Arion Vladimir B.
Enyedy Éva Anna
Dokumentumtípus: Cikk
Megjelent: 2022
Sorozat:MOLECULES 27 No. 7
Tárgyszavak:
doi:10.3390/molecules27072044

mtmt:32753521
Online Access:http://publicatio.bibl.u-szeged.hu/23904
LEADER 01068nab a2200277 i 4500
001 publ23904
005 20220331140637.0
008 220331s2022 hu o 0|| Angol d
022 |a 1420-3049 
024 7 |a 10.3390/molecules27072044  |2 doi 
024 7 |a 32753521  |2 mtmt 
040 |a SZTE Publicatio Repozitórium  |b hun 
041 |a Angol 
100 1 |a Dömötör Orsolya 
245 1 0 |a Solution Equilibrium Studies on Salicylidene Aminoguanidine Schiff Base Metal Complexes  |h [elektronikus dokumentum] :  |b Impact of the Hybridization with L-Proline on Stability, Redox Activity and Cytotoxicity /  |c  Dömötör Orsolya 
260 |c 2022 
300 |a Terjedelem: 21-Azonosító: 2044 
490 0 |a MOLECULES  |v 27 No. 7 
650 4 |a Kémiai tudományok 
700 0 1 |a May Nóra Veronika  |e aut 
700 0 1 |a Gál Gyula Tamás  |e aut 
700 0 1 |a Spengler Gabriella  |e aut 
700 0 1 |a Dobrova Aliona  |e aut 
700 0 1 |a Arion Vladimir B.  |e aut 
700 0 1 |a Enyedy Éva Anna  |e aut 
856 4 0 |u http://publicatio.bibl.u-szeged.hu/23904/1/molecules-27-02044.pdf  |z Dokumentum-elérés